| 000 | 00901nam a22003017a 4500 | ||
|---|---|---|---|
| 003 | CHAP | ||
| 005 | 20220817041920.0 | ||
| 008 | 971013s1976 r 00010 d | ||
| 010 | _a28616 | ||
| 011 | _a29588 | ||
| 035 | _a33699 | ||
| 040 | _cCHAP | ||
| 082 |
_a301.35 _bK6 |
||
| 100 | 0 | 0 |
_aKonuma, Isamu. _963702 |
| 245 | _aIntegrated rural development in Japan | ||
| 260 |
_aTokio : _bJapan FAO Association, _c1976 |
||
| 300 |
_a92 p. _b: ilus. |
||
| 590 |
_aBATCH-UPD _b10 _c20130110 _lUCH01 _h1945 |
||
| 590 |
_aBATCH-UPD _b10 _c20130410 _lUCH01 _h1308 |
||
| 590 |
_aBATCH-UPD _b10 _c20130914 _lUCH01 _h1354 |
||
| 590 |
_aCONVERSION _b10 _c20130109 _lUCH01 _h1316 |
||
| 650 | 1 | 4 |
_aJapón _xCondiciones rurales. _961083 |
| 650 | 1 | 4 |
_aPolítica agrícola _xJapón. _990332 |
| 710 | 0 | _aFAO. | |
| 901 | _aBK | ||
| 942 | _cLIBRO | ||
| 949 |
_a301.35 K6 _bBC _cLIBRO _d33724000294088 _eLIBRO _h43243 _i33699 _si |
||
| 999 |
_c28616 _d28616 |
||